000 00638nam a2200193Ia 4500
003 GCL
008 140319s9999 xx 000 0 aFre d
040 _aGCL /
_cGCL
082 0 4 _aCC
_b932
_bL M
100 1 _aLACAU, PIERRE
245 1 0 _aMEMOIRES PUBLIE'S PAR LES MEMBRES DE L'INSTITUT FRANCAIS D'ARCHEOLOGIE ORIENTALE DU CAIRE: LIVRE DES ROIS D'EGYPTE /
_cLACAU, PIERRE
700 1 _aGAUTHIER, HENRI M.
700 1 _aFOUCART, GEORGE
260 _a[S.N] :
_bINSTITUT FRANCAIS D'ARCHEOLOGIE ORIENTAL ،
_c1914
650 0 4 _aANCIENT EGYPT - HISTORY
650 0 4 _aEGYPT - HISTORY
650 0 4 _aEGYPT - CIVILIZATION
942 _2ddc
_cBK
999 _c14786
_d14786